Cimbeline (Registo nº 48719)

Detalhes MARC
000 -Etiqueta do registo
campo de controlo de comprimento fixo 009120000a22002770004500
001 - Identificador do registo
Campo de controlo 48719
010 ## - ISBN
Número (ISBN) 972-575-081-0
021 ## - Nº depósito legal
Código do país Portugal
Número 29869/89
100 ## - Dados Gerais de Proc.
Dados gerais de processamento 20030207d2003 k y0pory5003 ba
101 0# - Língua da publicação
Língua do texto, banda sonora, etc. Português
102 ## - País de Publicação
País de publicação Portugal
200 1# - Título
Título próprio Cimbeline
Primeira menção de responsabilidade William Shakespeare
Outras menções de responsabilidade adapt. Charles Lamb e Mary Lamb
-- ilust. Filomena Campos
210 ## - Publicação, Distribuição
Lugar da edição, distribuição, etc. Lisboa
Nome do editor, distribuidor, etc. Contexto
Data da publicação, distribuição, etc. 1989
215 ## - Descrição física
Descrição física 30 p
Dimensões 18 cm
225 2# - Colecção
Título próprio da colecção Contos de Shakespeare
Indicação de volume 4
304 ## - Título e responsabilidade
Texto da nota Título original: Cymbeline
606 ## - Nome comum
Elemento de entrada Literatura inglesa
Subdivisão de assunto Conto
675 ## - CDU
Notação 821.111-34"19"
Edição BN
Língua da edição Português
700 #1 - Responsabilidade principal
Palavra de ordem Shakespeare
Outra parte do nome William
Datas 1564-1616
702 #1 - Responsabilidade secundária
Koha Internal Code 26747
Código de função Adaptador
Palavra de ordem Lamb
Outra parte do nome Charles
Datas 1775-1834
702 ## - Responsabilidade secundária
Koha Internal Code 26752
Código de função Adaptador
Palavra de ordem Lamb
Outra parte do nome Mary
Datas 1764-1847
702 ## - Responsabilidade secundária
Koha Internal Code 27416
Código de função Tradutor
Palavra de ordem Leite
Outra parte do nome Januário
Datas 1865-1930
702 ## - Responsabilidade secundária
Koha Internal Code 12241
Código de função Ilustrador
Palavra de ordem Campos
Outra parte do nome Filomena
090 ## - Números de controlo do sistema (Koha)
Número biblioitem do Koha (gerado automaticamente) 48719
942 ## - Elementos de entrada adicionados (Koha)
Tipo de item no Koha Monografias
Suprimido Disponível no OPAC
999 ## - Campo local
Campo local 48719
-- Bibliobase - BEBDPPC
-- 2019-01-21
Exemplares
Removido (estado) Perdido (estado) Data de aquisição Origem do registo (biblioteca) (codificado) Código da organização que empresta ou é detentora (biblioteca) Código de barras Número de inventário Cota Tipo de circulação (não pode ser emprestado) Tipo de item e material
Disponível Disponível 2003-02-07 Biblioteca EB23 D. Paio Peres Correia Biblioteca EB23 D. Paio Peres Correia BEBDPPC1951 1951 82.03-34 SHA Normal Monografias